00972nam a2200301 i 4500001000300000100002700003245013300030246003100163260003200194300003700226490001300263500002900276504001200305630001300317700002000330700003100350830001300381020001500394040000800409041001100417080001200428920001800440942000700458008004100465999001700506856009800523952004900621bg1 aLEVINE-YOUNG, Margaret10aInternet FAQs :bczęsto zadawane pytania /cMargaret Levine Young, John R. Levine ; [oprac. wersji polskiej Janusz Machowski]. iTyt. oryg.:aInternet FAQs aWarszawa :bREAD ME,c1996. aXXVIII, 407 s. :brys. ;c24 cm.1 aInternet aOryg. : "Internet FAQs". aIndeks.09aInternet1 aLEVINE, John R.1 aMACHOWSKI, Janusz.eOprac. aInternet a8371470428 cBPK1 aplhen a681.324 a83-7147-042-8 cKS s pl f |000 0 pol  c32399d32399 uhttp://koha.tu.koszalin.pl/cgi-bin/koha/opac-detail.pl?biblionumber=32399yKatalog online BPK 00104070aBPKbBPKcwo41256p01274530yKS